LIBRARY & INFORMATION CENTRE, KCAET, TAVANUR

ONLINE PUBLIC ACCESS CATALOGUE (OPAC)

Development of small scale paraboiling cum drying unit for paddy processing (Record no. 17377)

MARC details
000 -LEADER
fixed length control field 00476nam a22001457a 4500
003 - CONTROL NUMBER IDENTIFIER
control field OSt
082 ## - DEWEY DECIMAL CLASSIFICATION NUMBER
Classification number 664
Item number ANN/DE
088 ## - REPORT NUMBER
Report number T 499
100 ## - MAIN ENTRY--AUTHOR NAME
Personal name Ann Annie Shaju
245 ## - TITLE STATEMENT
Title Development of small scale paraboiling cum drying unit for paddy processing
260 ## - PUBLICATION, DISTRIBUTION, ETC. (IMPRINT)
Place of publication Tavanur
Name of publisher Department of Processing and Food Engineering
Year of publication 2020
700 ## - ADDED ENTRY--PERSONAL NAME
Personal name Sudheer K P (Guide)
856 ## - ELECTRONIC LOCATION AND ACCESS
Uniform Resource Identifier https://drive.google.com/file/d/1nAJpg2E5pvD5tfjs5u_W_a1o7f61O0H_/view?usp=sharing
942 ## - ADDED ENTRY ELEMENTS (KOHA)
Koha item type Theses
Holdings
Collection code Home library Current library Full call number Accession Number Koha item type Public note
Reference KAUAET KAUAET 664 ANN/DE T 499 Theses M.Tech Thesis
free website counter